Allgemeinwissen #7 - Statistiken

Allgemein
  • Dieses Quiz wurde 781 mal gespielt
  • Das Durchschnittsergebnis liegt bei 12 aus 20
Antwortstatistiken
Hint Antwort % Korrekt
Größtes Land der Welt Russland
99%
Leben Pinguine am Nord- oder Südpol? Südpol
99%
Was legem Hühner? Eier
93%
Welches ist das größte ("höchste") Landtier? Giraffe
90%
Wer brachte laut der Bibel die 10 Gebote zu den Menschen in Israel? Moses
90%
49
87%
Fest im Christentum mit den Anfangsbuchstaben W Weihnachten
87%
Wen heiratete Angelina Jolie 2014 (mittlerweile geschieden)? Brad Pitt
80%
11*13 143
75%
Was ist das Symbol von Stickstoff? N
75%
Aus welcher Filmreihe stammen die Charaktere Captain Kirk und Commander Spock? Star Trek
72%
2⁷ 128
71%
Welche Farbe hat ein normaler Gumba? Braun
53%
Welchen Nachnamen trugen die Erfinder und Flugpioniere Orville und Wilbur? Wright
42%
Pi mit den ersten 5 Nachkommastellen 3,14159
39%
Wie heißt die größte (Einwohner) Stadt mit S? Stuttgart
30%
Was ist die Summenformel von Glucose? C6H12O6
15%
Champion des Super Bowl LIV (2020) Kansas City Chiefs
15%
Wofür steht die Abkürzung ROM? Read Only Memory
15%
Wem wird die Erfindung des Aufzugs zugeschrieben oder zumindest die Inspiration für die aktuelle Version? Riesentipp: Sein Name wird von einer Aufzugsfirma verewigt. Elisha Otis
1%
Keine übereinstimmenden Quizze gefunden
Verteilung der Resultate
Anzahl Personen mit jedem Resultat
Perzentil nach korrekt beantworteten Fragen
Ihre Resultats-Entwicklung
Sie haben dieses Quiz noch nicht gespielt